000 00423nam a22001697a 4500
003 OSt
005 20231214140537.0
008 231214s1999 ||||| |||| 00| 0 d
020 _a8506013445
040 _cbesoc
100 _aHelena BC Pereyra
_eautor
245 _aMichaelis
_bPequeño diccionario- Espanhol-Portugues
260 _aBrasil
_c1999
300 _a632 p.
700 _aSigner, Rena
_eautor
942 _2udc
_cLPD
_n0
999 _c161
_d161